| 000 | 00455nam a2200181Ia 4500 | ||
|---|---|---|---|
| 003 | LK-CoDNM | ||
| 005 | 20240122132730.0 | ||
| 008 | 010623t1936 xxu||||| |||| 00| 1 sin d | ||
| 040 |
_aLK-CoDNM _dLK-CoDNM _eLK-CoDNM |
||
| 041 | _asin | ||
| 080 |
_a104 _bK 19 |
||
| 100 | _aVajiragnana Thero,Gunnepana. | ||
| 245 | _aධර්මමෘතය | ||
| 246 | _aDharmamrutaya | ||
| 260 |
_bJinalankara _aColombo _c1936 |
||
| 300 | _b24p, 18 cm | ||
| 942 | _cBK | ||
| 999 |
_c98193 _d98193 |
||